| 000 | 00408nam a2200133 4500 | ||
|---|---|---|---|
| 008 | 709.2 B262b | ||
| 020 | _a2908964473 | ||
| 082 |
_a709.2 _bB362b |
||
| 100 |
_aBaz, Mohamed El _96399 |
||
| 245 | _aMohamed El Baz | ||
| 260 |
_aBarcelona _bPolicrom _c2006 |
||
| 300 |
_a240 p. _bill (col) _c22.5 x 16.5 cm |
||
| 650 |
_xarte contemporáneo _xMarruecos _xFrancia _xarte - siglo XX _xarte biográfico _xBaz, Mohamed El _96400 |
||
| 999 |
_c1496 _d1496 |
||